00510nam a2200157Ia 4500003000900000008004100009020001800050040001600068080001900084100002100103245013700124260004000261300001500301650002300316650001300339IN-BaIIA211028s9999 xx 000 0 eng d a0-201-40780-9 cIIA Library a52:539.12bKAN aKane, Gordon  4aThe particle gardenbour universe as understood by particle physicistscGordon Kane  aMassachusettsbAddison-Wesleyc1995 axvi, 224p. aParticle physicist aUniverse